000 00441nam a2200181Ia 4500
008 090123s9999 xx 000 0 und d
082 _b36013
100 _aजाधव सतीश
245 _aझळ
250 _a0
260 _bशब्द प्रकाशन
_c2003
300 _a195
600 _aजाधव सतीश
630 _aझळ
700 _aजाधव सतीश
730 _aझळ
942 _cBOOK
999 _c74081
_d74081